Willem Dafoe Movies by Plot Description - Statistics

General Stats
  • This quiz has been taken 22 times
  • The average score is 10 of 20
Answer Stats
Year Description Movie % Correct
2024 Terrifying vampire is infatuated with haunted young woman Nosferatu
86%
2002 Genetically altered arachnid bites student, gives them superpowers Spider-Man
86%
2019 Two lighthouse keepers try to stay sane on a remote island in the 1890s The Lighthouse
86%
2003 Father and friendly, forgetful fish must bring young clownfish home Finding Nemo
81%
2009 Fox steals from local farmers, who seek revenge against him Fantastic Mr. Fox
76%
2000 Wealthy New York banking executive hides his alternate unhinged ego American Psycho
71%
2014 Ex-hitman un-retires to take revenge on gangsters John Wick
67%
1986 Young recruit in Vietnam faces moral crisis when he goes to war Platoon
62%
2023 Reanimated woman runs off with lawyer on whirlwind adventure Poor Things
52%
1988 Agents investigate '60s civil rights worker murders in racist Southern town Mississippi Burning
48%
2014 Legendary concierge and young employee steal priceless painting The Grand Budapest Hotel
43%
2018 Famed, tormented van Gogh spends his final years painting masterworks At Eternity’s Gate
33%
2024 Family is haunted (again) when afterlife portal is opened Beetlejuice Beetlejuice
33%
2017 Precocious girl and friends have wondrous summer while adults struggle The Florida Project
33%
2014 Terminal patient meets lifechanging boy at cancer support group The Fault in Our Stars
24%
1990 Young lovers run away from disapproving mother, who then hires hitmen Wild at Heart
24%
2007 Hapless Brit separates father from son in France, and must reunite them Mr. Bean’s Holiday
19%
2021 Manipulative carnival man hooks up with dangerous psychologist Nightmare Alley
19%
2024 Man is losing control; wife returns different; woman must find someone Kinds of Kindness
14%
1996 Mapmaker charting the Sahara enters world of love, betrayal, and politics The English Patient
10%
No matching quizzes found
Score Distribution
Percent of People with Each Score
Percentile by Number Answered
Your Score History
You have not taken this quiz